|
|
|
|
| LEADER |
00000cam a2200000 7i4500 |
| 001 |
0000000603 |
| 005 |
20030124.0 |
| 020 |
|
|
|a 0256024308
|
| 040 |
|
|
|a INS
|
| 090 |
0 |
0 |
|a HF5549.
|b G57 1983
|
| 100 |
1 |
|
|a Glueck, William F.
|
| 245 |
1 |
0 |
|a Cases and exercises in personnel :
|b Human resourses management
|c William F. Glueck and George E. Stevens
|
| 250 |
|
|
|a 3rd ed.
|
| 260 |
|
|
|a Plano, Texas :
|b Business ,
|c 1983
|
| 300 |
|
|
|a xviii, 374p. ;
|c 23 cm.
|
| 650 |
0 |
0 |
|a Personnel management
|
| 650 |
0 |
0 |
|a Personnel research
|
| 700 |
1 |
|
|a Stevens, George E.
|
| 999 |
|
|
|a 0000002209
|b BOOK
|c Open Shelf
|e Default branch
|